| 000 | 00862cam a22002531 4500 | ||
|---|---|---|---|
| 001 | he 68000174 | ||
| 003 | DLC | ||
| 005 | 20260227111452.0 | ||
| 008 | 880914s1966 is 000 0 heb | ||
| 010 | _ahe 68000174 | ||
| 035 | _a(OCoLC)18485619 | ||
| 040 |
_aDLC _cCU _dCU _dDLC |
||
| 042 | _apremarc | ||
| 050 | 0 | 0 |
_aBM506.S27 _bK34 |
| 100 | 1 | _aḲanevsḳi, Yaʻaḳov. | |
| 245 | 1 | 0 |
_aSefer Ḳehilot Yaʻaḳov, _bʻal masekhtot Shabat, ʻEruvin u-Vetsah ... _c[me-et Yaʻaḳov Ḳanevsḳi] |
| 250 | _aTotsaʼah metuḳenet ʻim harbeh hosafot ṿe-tiḳunim. | ||
| 260 |
_aBene Beraḳ _c[1966 or 7] |
||
| 300 |
_a112 p. _c34 cm. |
||
| 630 | 0 | 0 |
_aTalmud. _pShabbat _xCommentaries. |
| 630 | 0 | 0 |
_aTalmud. _pEruvin _xCommentaries. |
| 630 | 0 | 0 |
_aTalmud. _pBeẓah _xCommentaries. |
| 740 | 0 | _aḲehilot Yaʻaḳov, ʻal masekhtot Shabat, ʻEruvin u-Vetsah. | |
| 999 |
_c32840 _d32840 |
||